| 000 | 00766cam a22002413a 4500 | ||
|---|---|---|---|
| 001 | 38523 | ||
| 003 | PGUSA | ||
| 005 | 20140828083841.0 | ||
| 008 | 120107s2012||||xxu|||||s|||||000 1 eng d | ||
| 040 |
_aPGUSA _beng |
||
| 042 | _adc | ||
| 050 | 4 | _aPZ | |
| 100 | 1 |
_aStoddard, William Osborn, _d1835-1925 |
|
| 245 | 1 | 4 |
_aThe Noank's Log : _bA Privateer of the Revolution _h[electronic resource] / _cWilliam Osborn Stoddard |
| 260 |
_bProject Gutenberg, _c2012 |
||
| 506 | _aPublic domain in the USA. | ||
| 516 | _aElectronic text | ||
| 653 | _aUnited States -- History -- Revolution, 1775-1783 -- Juvenile fiction | ||
| 700 | 1 |
_aCrawford, Will, _d1869-1944 |
|
| 830 | 0 |
_aProject Gutenberg _v38523 |
|
| 856 | 4 | 0 | _uhttp://www.gutenberg.org/ebooks/38523 |
| 942 | _cEB | ||
| 999 |
_c267777 _d267777 |
||